| 000 | 01055nam a2200217 i 4500 | ||
|---|---|---|---|
| 001 | 182592 | ||
| 003 | ES-MaACL | ||
| 005 | 20240514173356.0 | ||
| 008 | 130930s1870 sp a | |||||||| | spa d | ||
| 080 | _a94(460.237) | ||
| 100 | 0 |
_aFulgosio, Fernando. _952994 |
|
| 245 | 1 | 0 |
_aCrónica de la provincia de Tarragona / _cpor Fernando Fulgosio. |
| 260 |
_aMadrid : _bRubio, Grilo y Vitturi, _c1870. |
||
| 300 |
_aVI, 96 p., [5] h. de lám., [1] h. de mapas : _bil. ; _c32 cm. |
||
| 490 | 1 | _aCrónica general de España, ó sea Historia ilustrada y descriptiva de sus provincias, sus poblaciones más importantes de la península y de Ultramar | |
| 651 | 4 |
_aTarragona (Provincia)- _xDescripción. _9153506 |
|
| 651 | 7 |
_aTarragona (Provincia)- _xHistoria _2 _9153507 |
|
| 830 | 0 |
_aCrónica general de España, o sea Historia ilustrada y descriptiva de sus provincias, sus poblaciones más importantes de la península y posesiones de Ultramar _9224862 |
|
| 852 |
_aES-MaACL _jC-1580(3) _z.- Encuadernado con otras obras |
||
| 999 |
_c182592 _d182592 |
||